| 000 | 00611nam a2200169 a 4500 | ||
|---|---|---|---|
| 008 | 120416s1999 ||||||||||||||||| || u | ||
| 020 | _a0201360616 | ||
| 050 | _aQA 76.9.M35 Tru | ||
| 100 | _aTruss, J.K | ||
| 245 | 1 | 0 | _aDiscrete mathematics for computer scientists. (2nd ed.) |
| 250 | _a2nd ed. | ||
| 260 |
_aHarlow: _bPearson/Anderson Wiley _c1999 |
||
| 300 | _axix, 585p. : ill. | ||
| 350 | _a0.00 | ||
| 650 | 0 | _aCOMPUTER SCIENCE--MATHEMATICS | |
| 995 |
_D0.00 _FCBU-MAIN LIBRARY (Kitwe) _H1 _I27.95 _M1 _UAVAILABLE _ZMain Library Open Access Collection |
||
| 999 |
_c40308 _d40308 |
||